Lịch sử văn học Việt Nam

সংরক্ষণ করুন:
গ্রন্থ-পঞ্জীর বিবরন
প্রধান লেখক: Lê Trí Viễn
বিন্যাস: গ্রন্থ
ট্যাগগুলো: ট্যাগ যুক্ত করুন
কোনো ট্যাগ নেই, প্রথমজন হিসাবে ট্যাগ করুন!
Thư viện lưu trữ: Mạng thư viện Đại học Đà Nẵng
LEADER 01047nam a2200229 4500
001 000003982
003 110
005 20150812140853.0
008 110713s sd
100 0 |a Lê Trí Viễn 
245 0 0 |a Lịch sử văn học Việt Nam  |c Lê Trí Viễn 
774 |a Lê Trí Viễn  |b In lần 5 có sửa chữa  |d Giaó dục  |d H.  |d 1978  |g Tập 4A  |h 200 tr.  |t Văn học viết. Thời kỳ II, giai đoạn I: 1858-đầu thế kỷ XX  |w 114 
774 |a Lê Trí Viễn  |b In lần 5 có sửa chữa  |d Giaó dục  |d H.  |d 1978  |g Tập 4A  |h 137 tr.  |n Sách đại học sư phạm  |t Văn học viết: Thời kỳ 2. Giai đoạn 2: Đầu thế kỷ XX-1930  |w 115 
774 |a Huỳnh Lý  |b In lần 5 có sửa chữa  |d Giaó dục  |d H.  |d 1978  |g Tập V  |h 232 tr.  |n Sách đại học sư phạm  |t 1930-1945. Phần 2  |w 117 
OWN |a LSP 
999 |a From the UDN01 
TYP |a Monograph 
TYP |a Printed language 
980 |a Mạng thư viện Đại học Đà Nẵng